Music Quiz

Random Music or Song Quiz
Score 0/297 Timer 07:00
0 Plays Today
% Correct
You
100%
see
100%
her,
100%
you
100%
can't
100%
her
100%
You
100%
her,
100%
you
100%
can't
100%
hold
100%
her
100%
You
100%
want
100%
her,
100%
you
100%
can't
100%
have
100%
her
100%
You
100%
want
100%
to
100%
she
100%
but
100%
you
100%
You
100%
see
100%
her,
100%
you
100%
can't
100%
her
100%
You
100%
her,
100%
you
100%
can't
100%
hold
100%
her
100%
You
100%
want
100%
her,
100%
you
100%
can't
100%
have
100%
her
100%
You
100%
want
100%
to
100%
but
100%
she
100%
you
100%
not
100%
so
100%
so
100%
you've
100%
not
100%
so
100%
so
100%
you've
100%
not
100%
so
100%
so
100%
you've
100%
not
100%
so
100%
so
100%
you've
100%
And
100%
now
100%
you
100%
You
100%
see
100%
her,
100%
you
100%
can't
100%
her
100%
You
100%
her,
100%
you
100%
can't
100%
hold
100%
her
100%
You
100%
want
100%
her
100%
and
100%
you
100%
can't
100%
have
100%
her
100%
You
100%
want
100%
but
100%
to
100%
she
100%
you
100%
you
100%
see
100%
her,
100%
you
100%
% Correct
can't
100%
her
100%
But
100%
you
100%
her,
100%
you
100%
can't
100%
hold
100%
her
100%
And
100%
you
100%
want
100%
her
100%
and
100%
you
100%
can't
100%
have
100%
her
100%
And
100%
you
100%
want
100%
to
100%
but
100%
she
100%
you
100%
not
100%
so
100%
so
100%
you've
100%
not
100%
so
100%
so
100%
you've
100%
not
100%
so
100%
so
100%
you've
100%
not
100%
so
100%
so
100%
you've
100%
And
100%
now
100%
you
100%
you
100%
have
100%
you
100%
and
100%
You
100%
see
100%
her,
100%
you
100%
her
100%
you
100%
want
100%
her,
100%
you
100%
want
100%
to
100%
You
100%
see
100%
her
100%
and
100%
you
100%
her
100%
And
100%
you
100%
want
100%
her
100%
and
100%
you
100%
want
100%
to
100%
touch
94.4%
hear
94.4%
won't
94.4%
let
94.4%
touch
94.4%
hear
94.4%
won't
94.4%
let
94.4%
She's
94.4%
She's
94.4%
She's
94.4%
She's
94.4%
touch
94.4%
hear
94.4%
won't
94.4%
let
94.4%
touch
94.4%
hear
94.4%
won't
94.4%
let
94.4%
She's
94.4%
She's
94.4%
She's
94.4%
She's
94.4%
let
94.4%
touch
94.4%
% Correct
hear
94.4%
hear
94.4%
special
88.9%
look
88.9%
what
88.9%
done
88.9%
boy
88.9%
special
88.9%
look
88.9%
what
88.9%
done
88.9%
boy
88.9%
special
88.9%
look
88.9%
what
88.9%
boy
88.9%
done
88.9%
special
88.9%
look
88.9%
what
88.9%
done
88.9%
Oh,
88.9%
special
88.9%
look
88.9%
what
88.9%
done
88.9%
boy
88.9%
special
88.9%
look
88.9%
what
88.9%
done
88.9%
boy
88.9%
special
88.9%
look
88.9%
what
88.9%
done
88.9%
boy
88.9%
special
88.9%
look
88.9%
what
88.9%
done
88.9%
I
88.9%
I
88.9%
oh
88.9%
Oh,
88.9%
oh
88.9%
never
72.2%
come
72.2%
back
72.2%
here
72.2%
again
72.2%
never
72.2%
come
72.2%
back
72.2%
here
72.2%
again
72.2%
your
72.2%
me
72.2%
your
72.2%
never
72.2%
never
72.2%
again
72.2%
you'd
66.7%
you'd
66.7%
wish
61.1%
I'm
61.1%
that
61.1%
how
61.1%
How
61.1%
that
61.1%
I'm
61.1%
my
55.6%
them
55.6%
will
55.6%
she'd
50%
from
50%
of
50%
still
50%
still
50%
still
50%
It's
44.4%
realise
44.4%
rise
44.4%
die
38.9%
Well
33.3%
above
33.3%
side
33.3%
with
27.8%
sins
27.8%
Thinking
27.8%
sins
27.8%
Thinking
27.8%
forsaken
27.8%
nailed
22.2%
gushing
22.2%
killed
22.2%
ripped
22.2%
hang
22.2%
Knowing
16.7%
Remove Ads.
Support Sporcle.
Get the best of Sporcle when you Go Orange. This ad-free experience offers more features, more stats, and more fun while also helping to support Sporcle. Thank you for becoming a member.

You're not logged in!

Compare scores with friends on all Sporcle quizzes.
OR
Log In

Show Comments

Extras

Top Quizzes Today


Score Distribution

Your Account Isn't Verified!

In order to create a playlist on Sporcle, you need to verify the email address you used during registration. Go to your Sporcle Settings to finish the process.

Report this User

Report this user for behavior that violates our Community Guidelines.

Details: